Psychology A2: The Complete Companion Student Book (Record no. 5383)
[ view plain ]
| 005 - DATE AND TIME OF LATEST TRANSACTION | |
|---|---|
| control field | 20250626140812.0 |
| 020 ## - INTERNATIONAL STANDARD BOOK NUMBER | |
| International Standard Book Number | 978-0-19-912984-3 |
| 082 ## - DEWEY DECIMAL CLASSIFICATION NUMBER | |
| Classification number | 150 CAR |
| 100 ## - MAIN ENTRY--PERSONAL NAME | |
| Author name | CARDWELL, M |
| 245 ## - TITLE STATEMENT | |
| Title | Psychology A2: The Complete Companion Student Book |
| 260 ## - PUBLICATION, DISTRIBUTION, ETC. | |
| Place of publication, distribution, etc. | Oxford |
| Name of publisher, distributor, etc. | Oxford University Press |
| Date of publication, distribution, etc. | 2012. |
| 300 ## - PHYSICAL DESCRIPTION | |
| Extent | 343p.: ill.; figures, pictures |
| Other physical details | References |
| Dimensions | 28cm |
| 700 ## - ADDED ENTRY--PERSONAL NAME | |
| Other authors/Editors | Cara Flanagan |
| 942 ## - ADDED ENTRY ELEMENTS (KOHA) | |
| Source of classification or shelving scheme | Dewey Decimal Classification |
| Koha item type | Books |
| Date last seen | Total checkouts | Full call number | Barcode | Cost, replacement price | Price effective from | Koha item type | Lost status | Source of classification or shelving scheme | Damaged status | Not for loan | Withdrawn status | Home library | Current library | Shelving location | Date acquired | Source of acquisition | Cost, normal purchase price |
|---|---|---|---|---|---|---|---|---|---|---|---|---|---|---|---|---|---|
| 06/26/2025 | 150 CAR | MZA0002243 | 150000.00 | 06/26/2025 | Books | Dewey Decimal Classification | CBE Mwanza | CBE Mwanza | General Collection | 06/19/2017 | Library Budget | 50000.00 | |||||
| 06/26/2025 | 150 CAR | MZA0002244 | 150000.00 | 06/26/2025 | Books | Dewey Decimal Classification | CBE Mwanza | CBE Mwanza | General Collection | 06/19/2017 | Library Budget | 50000.00 | |||||
| 06/26/2025 | 150 CAR | MZA0002245 | 150000.00 | 06/26/2025 | Books | Dewey Decimal Classification | CBE Mwanza | CBE Mwanza | General Collection | 06/19/2017 | Library Budget | 50000.00 |
